|
|
|
|
| LEADER |
00000cam a2200000 a 4500 |
| 001 |
vtls001125520 |
| 003 |
SK-MaSNL |
| 005 |
20260301062832.0 |
| 008 |
241204s1990 xr oc grh 010 0bcze |
| 015 |
|
|
|a SNBA1990/03
|
| 020 |
|
|
|a 8020800530
|q (brožované)
|
| 035 |
|
|
|a SNK000068369
|
| 035 |
|
|
|a urn:nbn:sk:snk-amlnd7
|
| 035 |
|
|
|a urn:nbn:sk:snk-am00bypo
|
| 035 |
|
|
|a 36C614B1-C05D-45EB-9244-8E2569396F65
|
| 040 |
|
|
|a SNK
|b slo
|c SNK
|e AACR2
|
| 041 |
0 |
|
|a cze
|b eng
|b ger
|b fre
|
| 044 |
|
|
|a xr
|c CZ
|
| 072 |
|
7 |
|a 32
|x Politika
|2 konspekt
|
| 072 |
|
7 |
|a 929
|x Biografie
|2 konspekt
|
| 080 |
|
|
|a 32-051
|2 2011
|
| 080 |
|
|
|a 929-058.1
|2 2011
|
| 080 |
|
|
|a (082.2)
|2 2011
|
| 080 |
|
|
|a (084.12)
|2 2011
|
| 245 |
0 |
0 |
|a Odkaz T.G. Masaryka
|c [uspořádal z vlastních dokumentů Jasoň Boháč
|
| 250 |
|
|
|a 1. vyd.
|
| 260 |
|
|
|a Praha
|b Práce
|c 1990
|
| 300 |
|
|
|a 110 strán
|b fotografie, portréty
|c 30 cm
|
| 366 |
|
|
|e 15000 kusov
|
| 500 |
|
|
|a Fotografia na frontispice. Ilustrácia na titulnej strane
|
| 546 |
|
|
|a Anglické, nemecké a francúzske resumé
|
| 600 |
1 |
7 |
|a Masaryk, Tomáš Garrigue,
|d 1850-1937
|2 SNKMA
|9 98178
|
| 610 |
1 |
7 |
|a Československo.
|b Prezident (1918-1935 : Masaryk)
|2 SNKKA
|9 180902
|
| 650 |
0 |
7 |
|a politici
|2 SNKPH
|9 2679
|
| 650 |
0 |
7 |
|a prezidenti
|2 SNKPH
|9 4128
|
| 650 |
0 |
7 |
|a osobnosti
|2 SNKPH
|9 29820
|
| 655 |
|
7 |
|a biografie
|2 SNKPH
|9 27965
|
| 655 |
|
7 |
|a jubilejné publikácie
|2 SNKPH
|9 70339
|
| 655 |
|
7 |
|a fotografické publikácie
|2 SNKPH
|9 70483
|
| 700 |
1 |
|
|a Boháč, Jasoň
|4 com
|9 377672
|
| 852 |
|
|
|a Slovenská národná knižnica
|
| 919 |
|
|
|a 80-208-0053-0
|
| 954 |
|
|
|a odborná, vedecká literatúra cudzojazyčná (svetová)
|2 lita
|
| 954 |
|
|
|a obrazové publikácie zamerané na výtvarné umenie a fotografiu cudzojazyčné (svetové)
|2 lita
|
| 958 |
|
|
|a RK
|
| 958 |
|
|
|a TL
|
| 958 |
|
|
|a BX
|
| 958 |
|
|
|a OND
|
| 958 |
|
|
|a CZ
|
| 958 |
|
|
|a EUIPO
|
| 999 |
|
|
|c 622040
|d 623970
|
| 952 |
|
|
|a SNK
|b SNK
|y PREZ
|7 0
|p 17A0873940
|o snkSB 47786
|i snkKIP 1843/91
|0 0
|1 0
|4 0
|d 2012-07-10
|f 1
|l 0
|r 2025-02-13 00:00:00
|w 2026-02-23
|
| 952 |
|
|
|a SNK
|b SNK
|y VYP
|7 0
|p 17A0149305
|o snkSB 47786 D1
|0 0
|1 0
|4 0
|d 1998-07-14
|l 0
|r 2004-12-31 00:00:00
|w 2026-02-23
|